000 00826nas a2200277 4500
001 BR9904239
003 BR-BrBNA
005 20231205101554.0
007 ta
008 230509b bl.|||p| |||| 00| 00por d
040 _aBR-BrBNA
_bpor
_cBiblioteca Nacional de Agricultura
041 _a(Pt)
072 _aH20
100 1 _aCharchar, M.J.D.
100 1 _aAnjos, J.R.N. dos
100 1 _aOssipi, E.
245 1 _aOcorrencia de nova doenca do algodoeiro irrigado, no Brasil, causada por Sclerotinia sclerotiorum
650 _aAlgodao
650 _aFungo
650 _aSintoma
650 _aNecrose
650 _aHospedeiro
773 0 _tPesquisa Agropecuaria Brasileira (Brazil)
_xISSN 0100-204X
_g(Jun 1999), v. 34(6) p. 1101-1106
_wBR9904239
909 _a202311
_bLúcia
_c55
_dLúcia Elande
942 _2AGRIS
_n0
_cANA
999 _c162614
_d162614